000 00464nam a2200145Ia 4500
008 100122s9999 xx 000 0 und d
082 _b17571
_a823
100 _aहसमनीस द का
245 _aमी अमृतात न्हाले
260 _bसंजय प्रकाशन
_c1971
300 _a124
630 _aमी अमृतात न्हाले
730 _aमी अमृतात न्हाले
942 _cBOOK
999 _c407223
_d407220